Every CMAT Song - Updated 2025 - Statistics

General Stats
  • This quiz has been taken 8 times
  • The average score is 23 of 41
Answer Stats
Hint Answer % Correct
EURO-COUNTRY EURO-COUNTRY
100%
If My Wife New I'd Be Dead I Wanna Be a Cowboy, Baby!
100%
EURO-COUNTRY The Jamie Oliver Petrol Station
100%
EURO-COUNTRY Coronation St.
86%
EURO-COUNTRY Lord, Let That Tesla Crash
86%
EURO-COUNTRY Running/Planning
86%
Crazymad, For Me Stay For Something
86%
EURO-COUNTRY Take A Sexy Picture Of Me
86%
EURO-COUNTRY Tree Six Foive
86%
EURO-COUNTRY When A Good Man Cries
86%
EURO-COUNTRY Iceberg
71%
EURO-COUNTRY Ready
71%
If My Wife New I'd Be Dead 2 Wrecked 2 Care
57%
Single Aw, Shoot!
57%
Crazymad, For Me California
57%
If My Wife New I'd Be Dead Communion
57%
If My Wife New I'd Be Dead Every Bottle (Is My Boyfriend)
57%
If My Wife New I'd Be Dead I Don't Really Care for You
57%
EURO-COUNTRY Janis Joplining
57%
If My Wife New I'd Be Dead Lonely
57%
If My Wife New I'd Be Dead Nashville
57%
If My Wife New I'd Be Dead No More Virgos
57%
Crazymad, For Me Where Are Your Kids Tonight? (feat. John Grant)
57%
Crazymad, For Me Can't Make Up My Mind
43%
If My Wife New I'd Be Dead Groundhog Day
43%
Crazymad, For Me I... Hate Who I Am When I'm Horny
43%
Single Mayday
43%
If My Wife New I'd Be Dead Peter Bogdanovich
43%
Crazymad, For Me Phone Me
43%
Crazymad, For Me Rent
43%
Crazymad, For Me Such A Miranda
43%
Crazymad, For Me Torn Apart
43%
Crazymad, For Me Vincent Kompany
43%
Crazymad, For Me Whatever's Inconvenient
43%
Single Another Day (kfc)
29%
EURO-COUNTRY Billy Byrne From Ballybrack, The Leader Of The Pigeon Convoy
29%
If My Wife New I'd Be Dead Geography Teacher
29%
If My Wife New I'd Be Dead I'd Want U
29%
Single Rodney
29%
Crazymad, For Me Have Fun!
14%
Single Uncomfortable Christmas
14%
No matching quizzes found
Score Distribution
Percent of People with Each Score
Percentile by Number Answered
Your Score History
You have not taken this quiz